00201nam a2200073Ia 4500082001200000245002400012100005000036008004100086 aAF GRIE 0aSterre vir Paulien  a GRIESSEL, Nita Pretoria, 2002 1ste druk 210817s9999 xx 000 0 und d